| 000 | 00393pam a2200145a 44500 | ||
|---|---|---|---|
| 008 | 230405s2017 xxu||||| |||| 00| 0 eng d | ||
| 041 | _aENG | ||
| 100 | _aSagwal S.S. | ||
| 245 | _aHANBOOK OF ECOLOGICAL TERMS | ||
| 250 | _a1ST ED. 1997 Ed. | ||
| 260 |
_aLUDHIANA _bKalyani Publishers _c2017 |
||
| 300 | _a136p. | ||
| 440 | _aUNIVERSAL BOOK STOLL, PUNE, B-236, DT-25/09/2004 | ||
| 906 | _a723 | ||
| 999 |
_c289601 _d289601 |
||